[Event "GER-ch U12"]
[Site "Willingen"]
[Date "2024.05.21"]
[Round "4"]
[White "Kaza, Charith"]
[Black "Sun, Christopher"]
[Result "0-1"]
[WhiteElo "1503"]
[BlackElo "1714"]
[PlyCount "76"]
[EventDate "2024.05.19"]
[EventType "swiss"]
[EventRounds "9"]
[EventCountry "GER"]
[SourceTitle "CBM 220 Extra"]
[Source "ChessBase"]
[SourceDate "2024.07.31"]
[SourceVersion "1"]
[SourceVersionDate "2024.07.31"]
[SourceQuality "1"]

1. e4 e6 2. d4 d5 3. exd5 exd5 4. Qf3 Nf6 5. h3 h6 6. Bd3 Bd6 7. Bf4 0-0 8. Nd2 Nc6 9. c3 Re8+ 10. Ne2 b6 11. 0-0-0 Bb7 12. g4 Bxf4 13. Qxf4 Qd6 14. Qf3 Nd8 15. h4 Ne4 16. Qg2 c5 17. f3 Nxd2 18. Rxd2 Ne6 19. Bc2 Nf4 20. Nxf4 Qxf4 21. Kb1 Re3 22. Rf1 Rae8 23. Bd1 Ba6 24. Rg1 Bd3+ 25. Ka1 Re1 26. Rxe1 Rxe1 27. a3 Bc4 28. Kb1 Bb3 29. Qf2 Rxd1+ 30. Rxd1 Bxd1 31. dxc5 bxc5 32. Qxc5 Qxf3 33. Qxa7 Qd3+ 34. Ka1 Qd2 35. Qd7 Bc2 36. Qxd5 Qxd5 37. c4 Qh1+ 38. Ka2 Qb1# 0-1

[Event "GER-ch U12"]
[Site "Willingen"]
[Date "2024.05.20"]
[Round "3"]
[White "Sun, Christopher"]
[Black "Schulz, Robin1"]
[Result "0-1"]
[WhiteElo "1714"]
[BlackElo "1730"]
[PlyCount "114"]
[EventDate "2024.05.19"]
[EventType "swiss"]
[EventRounds "9"]
[EventCountry "GER"]
[SourceTitle "CBM 220 Extra"]
[Source "ChessBase"]
[SourceDate "2024.07.31"]
[SourceVersion "1"]
[SourceVersionDate "2024.07.31"]
[SourceQuality "1"]

1. e4 c6 2. d4 d5 3. exd5 cxd5 4. Bd3 Nc6 5. c3 Nf6 6. Ne2 Bg4 7. Bf4 e6 8. h3 Bh5 9. 0-0 Bd6 10. Bxd6 Qxd6 11. Nd2 0-0 12. g4 Bg6 13. Bxg6 fxg6 14. Ng3 Nd7 15. Nf3 Qf4 16. Kg2 Rf7 17. Ne1 g5 18. Nd3 Qd6 19. Qe2 Nf8 20. Rae1 Re8 21. Ne5 Nxe5 22. Qxe5 Qxe5 23. Rxe5 h6 24. Ne2 Ng6 25. Re3 Rf6 26. f3 Kf7 27. Ng3 Nf4+ 28. Kh2 Rc8 29. Rfe1 Rc6 30. Ne2 Ng6 31. Nc1 b6 32. Nd3 a5 33. Kg3 Ke7 34. Ne5 Nxe5 35. Rxe5 Kd6 36. R5e3 b5 37. a3 Rb6 38. R1e2 g6 39. Kf2 b4 40. cxb4 axb4 41. Rb3 Rf7 42. Rxb4 Rxb4 43. axb4 Rb7 44. Rd2 Rxb4 45. Kg3 Rb3 46. Kf2 e5 47. dxe5+ Kxe5 48. Kg3 d4 49. Kf2 Kd5 50. Ke2 Kc4 51. Rc2+ Kd5 52. Rd2 Re3+ 53. Kf2 Kc4 54. Re2 Rb3 55. Rd2 Rd3 56. Rxd3 Kxd3 57. Ke1 Kc2 0-1

[Event "GER-ch U12"]
[Site "Willingen"]
[Date "2024.05.19"]
[Round "2"]
[White "Subocz, Barbara"]
[Black "Sun, Christopher"]
[Result "0-1"]
[WhiteElo "1692"]
[BlackElo "1714"]
[PlyCount "50"]
[EventDate "2024.05.19"]
[EventType "swiss"]
[EventRounds "9"]
[EventCountry "GER"]
[SourceTitle "CBM 220 Extra"]
[Source "ChessBase"]
[SourceDate "2024.07.31"]
[SourceVersion "1"]
[SourceVersionDate "2024.07.31"]
[SourceQuality "1"]

1. e4 e6 2. d4 d5 3. Nc3 Bb4 4. e5 c5 5. a3 Bxc3+ 6. bxc3 Qa5 7. Bd2 Nc6 8. Ne2 Nge7 9. Ng3 Qa4 10. Bd3 cxd4 11. cxd4 Qxd4 12. 0-0 Bd7 13. Rb1 b6 14. Be3 Qxe5 15. Re1 Qc7 16. Qg4 Ng6 17. Bxg6 hxg6 18. Rbd1 0-0-0 19. Qe2 Kb7 20. Rb1 Rc8 21. Rec1 Ne7 22. a4 Bxa4 23. c3 Nf5 24. Nxf5 Qxh2+ 25. Kf1 Qh1# 0-1

[Event "GER-ch U12"]
[Site "Willingen"]
[Date "2024.05.19"]
[Round "1"]
[White "Sun, Christopher"]
[Black "Bundan, Edward"]
[Result "0-1"]
[WhiteElo "1714"]
[BlackElo "1897"]
[PlyCount "118"]
[EventDate "2024.05.19"]
[EventType "swiss"]
[EventRounds "9"]
[EventCountry "GER"]
[SourceTitle "CBM 220 Extra"]
[Source "ChessBase"]
[SourceDate "2024.07.31"]
[SourceVersion "1"]
[SourceVersionDate "2024.07.31"]
[SourceQuality "1"]

1. e4 c5 2. Nf3 Nc6 3. b3 e6 4. Bb2 Nf6 5. Nc3 d5 6. exd5 exd5 7. d4 cxd4 8. Nxd4 Be7 9. Be2 0-0 10. 0-0 a6 11. Bf3 Ne5 12. Re1 Nxf3+ 13. Nxf3 Bg4 14. Qd4 Bxf3 15. gxf3 Rc8 16. b4 Rc4 17. Qe5 Bd6 18. Qg5 h6 19. Qd2 Bxb4 20. a3 Bxc3 21. Bxc3 d4 22. Bb4 Re8 23. Rxe8+ Qxe8 24. Re1 Qc6 25. Kg2 Nd5 26. Re4 Nxb4 27. axb4 f5 28. Rxd4 Rxc2 29. Qf4 Qg6+ 30. Kf1 Ra2 31. Rd1 Qe6 32. Re1 Qf7 33. Rc1 Kh7 34. Qe5 Rd2 35. Rc7 Rd7 36. Rc5 g6 37. Kg2 Qg7 38. Qg3 Rf7 39. Qd6 g5 40. h3 h5 41. Qd3 Qg6 42. Qc3 g4 43. fxg4 hxg4 44. Qg3 gxh3+ 45. Kxh3 Qxg3+ 46. Kxg3 Kg6 47. b5 axb5 48. Rxb5 Kf6 49. Kf4 Ke6 50. Re5+ Kd6 51. Rxf5 Rxf5+ 52. Kxf5 Kd5 53. Kg5 b5 54. f4 b4 55. f5 b3 56. f6 Ke6 57. Kg6 b2 58. f7 b1Q+ 59. Kg7 Qb7 0-1

[Event "GER-ch U25-C"]
[Site "Willingen"]
[Date "2023.05.29"]
[Round "3"]
[White "Sun, Christopher"]
[Black "Wilke, Ronja"]
[Result "1-0"]
[WhiteElo "1313"]
[BlackElo "1145"]
[PlyCount "117"]
[EventDate "2023.05.27"]
[EventType "swiss"]
[EventRounds "9"]
[EventCountry "GER"]
[SourceTitle "CBM 214 Extra"]
[Source "ChessBase"]
[SourceDate "2023.07.31"]
[SourceVersion "1"]
[SourceVersionDate "2023.07.31"]
[SourceQuality "1"]

1. e4 c6 2. d4 d5 3. exd5 cxd5 4. Bd3 Nc6 5. c3 Nf6 6. Ne2 e6 7. Qc2 g6 8. Bg5 Bg7 9. Nd2 Bd7 10. 0-0 0-0 11. a4 a5 12. Nb3 b6 13. Qd2 Qc7 14. f3 Nh5 15. Nf4 h6 16. Nxh5 hxg5 17. Nxg7 Kxg7 18. Qxg5 Rh8 19. f4 Rag8 20. Nd2 Kf8 21. Nf3 Rg7 22. Ne5 Ne7 23. Qf6 Rh5 24. g4 Rh3 25. Nxd7+ Qxd7 26. Bb5 Qc7 27. Qe5 Qd8 28. Rf2 Rh4 29. Rg2 Rhh7 30. Rc1 Nc8 31. b4 Nd6 32. Bd3 Qd7 33. bxa5 bxa5 34. Rb1 Ne8 35. Bb5 Qb7 36. Rgb2 Qc7 37. Bxe8 Qxe5 38. fxe5 Kxe8 39. Rb8+ Kd7 40. R1b7+ Kc6 41. Rb6+ Kc7 42. R8b7+ Kc8 43. Re7 Kd8 44. Ra7 Kc8 45. Rxa5 Kc7 46. Rd6 Kb7 47. Rb5+ Ka7 48. a5 Rg8 49. a6 Rhh8 50. Rb7+ Ka8 51. Rxf7 Rb8 52. Rxe6 Rb1+ 53. Kg2 Rb2+ 54. Kg3 Rc8 55. Rxg6 Rxc3+ 56. Rf3 Rc4 57. e6 Re2 58. Rg7 Rxe6 59. Rf8+ 1-0

[Event "GER-chT U14"]
[Site "Willingen"]
[Date "2022.08.13"]
[Round "2.9"]
[White "Peter, Leonard"]
[Black "Sun, Christopher"]
[Result "1/2-1/2"]
[WhiteElo "1171"]
[BlackElo "1091"]
[PlyCount "83"]
[EventDate "2022.08.13"]
[EventType "team-swiss"]
[EventRounds "7"]
[EventCountry "GER"]
[SourceTitle "EXT 2023"]
[Source "ChessBase"]
[SourceDate "2022.10.05"]
[SourceVersion "1"]
[SourceVersionDate "2022.10.05"]
[SourceQuality "1"]
[WhiteTeam "Ostfildern"]
[BlackTeam "Karlsruhe SF"]
[WhiteTeamCountry "GER"]
[BlackTeamCountry "GER"]

1. d4 d5 2. c4 c6 3. Nf3 Nf6 4. g3 g6 5. Bg2 Bg7 6. 0-0 0-0 7. b3 Bf5 8. Nc3 Nbd7 9. Bf4 Nb6 10. c5 Nbd7 11. Qd2 b6 12. b4 b5 13. a3 a6 14. Rfe1 Re8 15. Rad1 Nf8 16. Qc1 Ne6 17. Bd2 Nd7 18. Bh6 Nf6 19. Bxg7 Nxg7 20. Ne5 Qc8 21. e3 Ng4 22. Nf3 Nf6 23. Qd2 Bg4 24. Ne2 Ne4 25. Qc2 Bf5 26. Qb2 Bh3 27. Bh1 Nh5 28. Nc3 Nhf6 29. Bg2 Nxc3 30. Qxc3 Ne4 31. Qb2 Bxg2 32. Kxg2 Qc7 33. Nd2 Nxd2 34. Qxd2 e5 35. Kg1 e4 36. Qe2 a5 37. Ra1 axb4 38. axb4 f5 39. f3 Qb7 40. Kg2 Rxa1 41. Rxa1 Ra8 42. Qb2 1/2-1/2

[Event "GER-chT U14"]
[Site "Willingen"]
[Date "2022.08.13"]
[Round "1.10"]
[White "Sun, Christopher"]
[Black "Fettig, Michel"]
[Result "0-1"]
[WhiteElo "1091"]
[BlackElo "1370"]
[PlyCount "110"]
[EventDate "2022.08.13"]
[EventType "team-swiss"]
[EventRounds "7"]
[EventCountry "GER"]
[SourceTitle "EXT 2023"]
[Source "ChessBase"]
[SourceDate "2022.10.05"]
[SourceVersion "1"]
[SourceVersionDate "2022.10.05"]
[SourceQuality "1"]
[WhiteTeam "Karlsruhe SF"]
[BlackTeam "Kastellaun"]
[WhiteTeamCountry "GER"]
[BlackTeamCountry "GER"]

1. d4 d5 2. Nf3 Nf6 3. g3 Bf5 4. Bg2 e6 5. 0-0 Bd6 6. c4 c6 7. cxd5 cxd5 8. Nc3 0-0 9. Nh4 Bg6 10. Nxg6 fxg6 11. e4 dxe4 12. Nxe4 Nc6 13. Bg5 Be7 14. Nc5 Bxc5 15. dxc5 Qxd1 16. Raxd1 Rad8 17. Bh3 Nd4 18. Kg2 Nf5 19. Bxf6 gxf6 20. b4 Kf7 21. b5 Ke7 22. c6 bxc6 23. bxc6 Nd6 24. Rfe1 f5 25. Rd5 Rc8 26. Ra5 Rc7 27. Rc1 Ra8 28. Kf3 Ne4 29. Kf4 Kf6 30. f3 Nd6 31. Bf1 Rac8 32. Rac5 g5+ 33. Ke3 Nf7 34. Ba6 Rb8 35. Bb7 Nd6 36. Ba6 Rb6 37. Bc4 Rbxc6 38. Rxc6 Rxc6 39. Kd4 Rxc4+ 40. Rxc4 Nxc4 41. Kxc4 e5 42. Kd3 Ke6 43. g4 fxg4 44. fxg4 Kd5 45. Ke3 e4 46. a3 a6 47. h3 h6 48. a4 a5 49. Kd2 Kd4 50. Ke2 e3 51. Ke1 Ke4 52. Ke2 Kf4 53. Ke1 Kg3 54. Ke2 Kxh3 55. Kxe3 Kxg4 0-1